[Event "ROM-ch U08 Girls"]
[Site "Baile Felix"]
[Date "2017.02.04"]
[Round "3"]
[White "Cioara, Maria"]
[Black "Buna, Isis Rafaela"]
[Result "1-0"]
[WhiteElo "1047"]
[BlackElo "1015"]
[PlyCount "64"]
[EventDate "2017.02.02"]
[EventType "swiss"]
[EventRounds "9"]
[EventCountry "ROU"]
[SourceTitle "CBM 176 Extra"]
[Source "ChessBase"]
[SourceDate "2017.03.02"]
[SourceVersion "1"]
[SourceVersionDate "2017.03.02"]
[SourceQuality "1"]

1. e4 e5 2. Nf3 Nc6 3. d4 exd4 4. Nxd4 Bc5 5. Nb3 Bb6 6. Nc3 Qf6 7. f3 d6 8. Qe2 Nh6 9. Be3 0-0 10. 0-0-0 a5 11. a4 Bd7 12. g4 Ne5 13. Bxh6 Qxh6+ 14. Kb1 Nc4 15. Qxc4 Be6 16. Qd3 Qe3 17. Qxe3 Bxe3 18. h4 Bxb3 19. cxb3 Rae8 20. Nd5 Rc8 21. Nxe3 Rfe8 22. h5 h6 23. Bc4 Re5 24. Nf5 Rce8 25. Bb5 R8e6 26. Rhf1 Rc5 27. Bc4 Ree5 28. f4 Re8 29. Bb5 Rb8 30. Rc1 Rxc1+ 31. Rxc1 Re8 32. Bxe8 Kf8 1-0

[Event "ROM-ch U08 Girls"]
[Site "Baile Felix"]
[Date "2017.02.03"]
[Round "2"]
[White "Cotoara, Laura"]
[Black "Buna, Isis Rafaela"]
[Result "0-1"]
[WhiteElo "1001"]
[BlackElo "1015"]
[PlyCount "60"]
[EventDate "2017.02.02"]
[EventType "swiss"]
[EventRounds "9"]
[EventCountry "ROU"]
[SourceTitle "CBM 176 Extra"]
[Source "ChessBase"]
[SourceDate "2017.03.02"]
[SourceVersion "1"]
[SourceVersionDate "2017.03.02"]
[SourceQuality "1"]

1. e4 e5 2. Nf3 Nc6 3. Nc3 Nf6 4. Bb5 d6 5. 0-0 Bd7 6. d3 Be7 7. Bg5 0-0 8. h3 h6 9. Bc4 Nh5 10. Bxe7 Qxe7 11. Nd2 Nf4 12. Qf3 Nd4 13. Qd1 Qg5 14. g4 Qh4 15. Nf3 Qxh3 16. Nh4 Bxg4 17. f3 Qg3+ 18. Kh1 Bxf3+ 19. Rxf3 Nxf3 20. Qxf3 Qxh4+ 21. Kg1 Nh3+ 22. Kg2 Nf4+ 23. Kg1 Qg5+ 24. Kh1 b5 25. Bb3 Rab8 26. Ne2 Rb6 27. c3 d5 28. exd5 Rg6 29. a4 Qh4+ 30. Qh3 Qxh3# 0-1

[Event "ROM-ch U08 Girls"]
[Site "Baile Felix"]
[Date "2017.02.02"]
[Round "1"]
[White "Buna, Isis Rafaela"]
[Black "Sida, Flavia Maria"]
[Result "0-1"]
[WhiteElo "1015"]
[BlackElo "1199"]
[PlyCount "46"]
[EventDate "2017.02.02"]
[EventType "swiss"]
[EventRounds "9"]
[EventCountry "ROU"]
[SourceTitle "CBM 176 Extra"]
[Source "ChessBase"]
[SourceDate "2017.03.02"]
[SourceVersion "1"]
[SourceVersionDate "2017.03.02"]
[SourceQuality "1"]

1. e4 e5 2. Nf3 Nc6 3. Nc3 Bc5 4. d3 Nf6 5. Bg5 h6 6. Bxf6 Qxf6 7. Nd5 Qd6 8. Nh4 g6 9. Qf3 Ne7 10. 0-0-0 Nxd5 11. exd5 Qb6 12. Re1 d6 13. Qf6 Rf8 14. d4 Bxd4 15. Bc4 Bg4 16. Bb3 a5 17. Ba4+ c6 18. dxc6 bxc6 19. Qxd6 Qxb2+ 20. Kd2 Qb4+ 21. Kc1 Bb2+ 22. Kb1 Ba3+ 23. Ka1 Qb2# 0-1

[Event "ROM-ch U08 Girls"]
[Site "Calimanesti Caciulata"]
[Date "2016.04.22"]
[Round "6"]
[White "Nicorescu, Ruxandra Mihaela"]
[Black "Buna, Isis Rafaela"]
[Result "0-1"]
[WhiteElo "1001"]
[BlackElo "1001"]
[PlyCount "30"]
[EventDate "2016.04.18"]
[EventType "swiss"]
[EventRounds "9"]
[EventCountry "ROU"]
[SourceTitle "CBM 172 Extra"]
[Source "ChessBase"]
[SourceDate "2016.06.21"]
[SourceVersion "1"]
[SourceVersionDate "2016.06.21"]
[SourceQuality "1"]

1. e4 e5 2. Bc4 Nf6 3. Nc3 Nc6 4. d3 Bc5 5. Bg5 h6 6. Bh4 g5 7. Bg3 d6 8. Nf3 Nh5 9. 0-0 Nxg3 10. hxg3 g4 11. Nh4 Rg8 12. Kh1 Rg5 13. Qd2 Rh5 14. f3 Rxh4+ 15. gxh4 Qxh4# 0-1

[Event "ROM-ch U08 Girls"]
[Site "Calimanesti Caciulata"]
[Date "2016.04.21"]
[Round "4"]
[White "Chira Jurj, Miruna Emilia"]
[Black "Buna, Isis Rafaela"]
[Result "0-1"]
[WhiteElo "1001"]
[BlackElo "1001"]
[PlyCount "52"]
[EventDate "2016.04.18"]
[EventType "swiss"]
[EventRounds "9"]
[EventCountry "ROU"]
[SourceTitle "CBM 172 Extra"]
[Source "ChessBase"]
[SourceDate "2016.06.21"]
[SourceVersion "1"]
[SourceVersionDate "2016.06.21"]
[SourceQuality "1"]

1. e4 e5 2. d4 Nc6 3. dxe5 Nxe5 4. Bf4 Nc6 5. Nc3 Nf6 6. Nf3 Bb4 7. Qd2 Bxc3 8. Qxc3 d6 9. 0-0-0 Bg4 10. Rxd6 cxd6 11. Bd3 Bxf3 12. gxf3 d5 13. e5 d4 14. Qd2 Nd5 15. Re1 Nxf4 16. Bb5 Ng2 17. Re4 a6 18. e6 fxe6 19. Rxe6+ Kf8 20. Qd1 Qg5+ 21. Qd2 Qh4 22. Bxc6 bxc6 23. c3 Kf7 24. Qxd4 Kxe6 25. Qxh4 Nxh4 26. b4 Kf5 0-1

[Event "ROM-ch U08 Girls"]
[Site "Calimanesti Caciulata"]
[Date "2016.04.19"]
[Round "2"]
[White "Apostol, Maria"]
[Black "Buna, Isis Rafaela"]
[Result "1-0"]
[WhiteElo "1105"]
[BlackElo "1001"]
[PlyCount "37"]
[EventDate "2016.04.18"]
[EventType "swiss"]
[EventRounds "9"]
[EventCountry "ROU"]
[SourceTitle "CBM 172 Extra"]
[Source "ChessBase"]
[SourceDate "2016.06.21"]
[SourceVersion "1"]
[SourceVersionDate "2016.06.21"]
[SourceQuality "1"]

1. c4 c5 2. Nc3 Nf6 3. e3 e5 4. Nf3 e4 5. Ng5 h6 6. Ngxe4 d5 7. cxd5 Nxe4 8. Qa4+ b5 9. Bxb5+ Bd7 10. Bxd7+ Nxd7 11. Qxe4+ Be7 12. d6 0-0 13. Qxe7 Qxe7 14. dxe7 Rfe8 15. Nd5 Rab8 16. Nc7 Ne5 17. Nxe8 Nd3+ 18. Ke2 Nb4 19. Nc7 1-0